| 000 | 00503nam a22001577a 4500 | ||
|---|---|---|---|
| 003 | OSt | ||
| 005 | 20240410105113.0 | ||
| 008 | 240410b |||||||| |||| 00| 0 eng d | ||
| 040 | _cCentral Library MRSPTU | ||
| 100 | _aAvtar Singh Pash (ਅਵਤਾਰ ਸਿੰਘ ਪਾਸ਼) | ||
| 245 | _aTuhadi Rashi Ki Kahndi Hai (ਤੁਹਾਡੀ ਰਾਸ਼ੀ ਕੀ ਕਹਿੰਦੀ ਹੈ) | ||
| 250 | _a1st | ||
| 260 |
_aPunjab _bTarksheel Society Punjab _c2000 |
||
| 300 | _a80 | ||
| 942 |
_2ddc _cBK _n0 |
||
| 999 |
_c10010 _d10010 |
||